[Event "London Classic op 10th"]
[Site "London"]
[Date "2018.12.11"]
[Round "3"]
[White "Rizzoli, Aluna"]
[Black "Bogner, Sebastian"]
[Result "0-1"]
[WhiteElo "1911"]
[BlackElo "2610"]
[PlyCount "70"]
[EventDate "2018.12.09"]
[EventType "swiss"]
[EventRounds "9"]
[EventCountry "ENG"]
[SourceTitle "CBM 187 Extra"]
[Source "ChessBase"]
[SourceDate "2018.11.04"]
[SourceVersion "1"]
[SourceVersionDate "2018.11.04"]
[SourceQuality "1"]

1. d4 Nf6 2. Bg5 d5 3. Nd2 g6 4. e3 Bg7 5. Bd3 0-0 6. h4 c5 7. c3 Nc6 8. h5 cxd4 9. hxg6 hxg6 10. cxd4 e5 11. dxe5 Nxe5 12. Be2 d4 13. Ne4 Qa5+ 14. Qd2 Qxd2+ 15. Nxd2 dxe3 16. Bxe3 Nfg4 17. Bg5 Re8 18. Kf1 Bf5 19. Rh3 Rac8 20. Bb5 Re6 21. Ne2 Rb6 22. Rb3 Be6 23. Nd4 Bxb3 24. N2xb3 Nc6 25. Rc1 a6 26. Ba4 Bf6 27. Bd2 Bxd4 28. Nxd4 Rxb2 29. Nxc6 bxc6 30. Rc2 Rb1+ 31. Bc1 Re8 32. Rxc6 Re4 33. Bb3 Ne5 34. Rc8+ Kg7 35. f3 Rc4 0-1

[Event "London Classic op 10th"]
[Site "London"]
[Date "2018.12.09"]
[Round "1"]
[White "Taylor, Adam C"]
[Black "Rizzoli, Aluna"]
[Result "1-0"]
[WhiteElo "2331"]
[BlackElo "1911"]
[PlyCount "53"]
[EventDate "2018.12.09"]
[EventType "swiss"]
[EventRounds "9"]
[EventCountry "ENG"]
[SourceTitle "CBM 187 Extra"]
[Source "ChessBase"]
[SourceDate "2018.11.04"]
[SourceVersion "1"]
[SourceVersionDate "2018.11.04"]
[SourceQuality "1"]

1. e4 c5 2. Nf3 Nc6 3. Nc3 g6 4. Bc4 Bg7 5. 0-0 e6 6. d4 Nxd4 7. Nxd4 cxd4 8. Nb5 Qb6 9. c3 dxc3 10. Bf4 c2 11. Qxc2 Kf8 12. Nc7 Rb8 13. Nxe6+ fxe6 14. Bxb8 Qxb2 15. Qd3 Qd4 16. Qf3+ Qf6 17. Qa3+ Ne7 18. e5 Qf4 19. Bd6 Bxe5 20. Bxe7+ Kf7 21. g3 Qxc4 22. Bg5 Re8 23. Rac1 Qg4 24. Qe3 Bd4 25. Qd2 h6 26. Be3 Bf6 27. Rxc8 1-0

[Event "London Classic op"]
[Site "London"]
[Date "2017.12.05"]
[Round "5"]
[White "Rizzoli, Aluna"]
[Black "Kett, Timothy"]
[Result "0-1"]
[WhiteElo "1899"]
[BlackElo "2204"]
[PlyCount "104"]
[EventDate "2017.12.02"]
[EventType "swiss"]
[EventRounds "9"]
[EventCountry "ENG"]
[SourceTitle "CBM 182 Extra"]
[Source "ChessBase"]
[SourceDate "2018.02.23"]
[SourceVersion "1"]
[SourceVersionDate "2018.02.23"]
[SourceQuality "1"]

1. Nf3 d5 2. d4 Nf6 3. Bf4 e6 4. e3 c5 5. c3 Nc6 6. Nbd2 Nh5 7. Bg3 Nxg3 8. hxg3 Bd7 9. Bd3 Qc7 10. Ng5 Be7 11. Nh3 0-0-0 12. Qc2 Kb8 13. dxc5 Bxc5 14. Nb3 Be7 15. Nf4 g6 16. Nd4 Ne5 17. Be2 Rc8 18. Qb3 h5 19. a4 Nc4 20. Nd3 e5 21. Nb5 Qb6 22. Nb4 Be6 23. Bxc4 Rxc4 24. Na3 Rxb4 25. cxb4 d4 26. Qd3 Qxb4+ 27. Qd2 dxe3 28. Qxb4 Bxb4+ 29. Ke2 exf2 30. Kxf2 Bc5+ 31. Ke1 Rd8 32. Nc2 Bb3 33. Rd1 Rxd1+ 34. Kxd1 Bxa4 35. Kd2 Bc6 36. Re1 f6 37. Re2 Kc7 38. Kc3 b5 39. Rd2 a5 40. b4 axb4+ 41. Nxb4 Bd4+ 42. Kd3 Bb7 43. Ra2 f5 44. Na6+ Kb6 45. Nb8 Be4+ 46. Ke2 Bxg2 47. Nd7+ Kb7 48. Nf8 Bd5 49. Rd2 g5 50. Nh7 h4 51. Nxg5 hxg3 52. Nf3 g2 0-1

[Event "Arco op 34th"]
[Site "Arco"]
[Date "2012.10.20"]
[Round "8"]
[White "Schaefer, Michael"]
[Black "Rizzoli, Aluna"]
[Result "1/2-1/2"]
[WhiteElo "2174"]
[BlackElo "1868"]
[PlyCount "69"]
[EventDate "2012.10.13"]
[EventType "swiss"]
[EventRounds "9"]
[EventCountry "ITA"]
[SourceTitle "EXT 2013"]
[Source "ChessBase"]
[SourceDate "2012.11.22"]
[SourceVersion "1"]
[SourceVersionDate "2012.11.22"]
[SourceQuality "1"]

1. d4 Nf6 2. c4 e6 3. Nc3 Bb4 4. g3 0-0 5. Bg2 Nc6 6. Nf3 d5 7. 0-0 dxc4 8. Bg5 Be7 9. e3 Rb8 10. Qe2 b5 11. Rfd1 Nd5 12. Bxe7 Qxe7 13. e4 Ndb4 14. Rab1 Rd8 15. b3 cxb3 16. Rxb3 Na5 17. Rbb1 Ba6 18. a3 Nbc6 19. d5 exd5 20. Nxd5 Qxa3 21. Ra1 Qc5 22. Nxc7 Rxd1+ 23. Qxd1 Rd8 24. Qe1 Bb7 25. Rxa5 Nxa5 26. Qxa5 Bxe4 27. Na6 Rd1+ 28. Ne1 Qc1 29. Bxe4 Rxe1+ 30. Kg2 Rg1+ 31. Kf3 Qd1+ 32. Kf4 Qc1+ 33. Kf3 Qd1+ 34. Kf4 Qc1+ 35. Kf3 1/2-1/2

[Event "Trento op"]
[Site "Trento"]
[Date "2008.03.30"]
[Round "4"]
[White "Rizzoli, Aluna"]
[Black "Busi, Piero"]
[Result "1-0"]
[WhiteElo "1488"]
[BlackElo "1287"]
[PlyCount "45"]
[EventDate "2008.03.28"]
[EventType "swiss"]
[EventRounds "5"]
[EventCountry "ITA"]
[SourceTitle "EXT 2011"]
[Source "ChessBase"]
[SourceDate "2010.11.26"]
[SourceVersion "1"]
[SourceVersionDate "2010.11.26"]
[SourceQuality "1"]

1. e4 e5 2. f4 exf4 3. Bc4 Bc5 4. d4 Be7 5. Bxf4 Bh4+ 6. g3 Bg5 7. Qh5 g6 8. Qxg5 Qxg5 9. Bxg5 f6 10. Bf4 d6 11. Nc3 Nc6 12. 0-0-0 Na5 13. Bxg8 Rxg8 14. Nd5 Kf7 15. Nxc7 Bg4 16. Nxa8 Bxd1 17. Kxd1 Rxa8 18. Nf3 Rd8 19. d5 Nc4 20. b3 Ne5 21. Bxe5 fxe5 22. Rf1 Kg7 23. Ng5 1-0